Los derechos del escritor

Guardat en:
Dades bibliogràfiques
Autor principal: Solzhenitsyn, Alexander Isacvich (Autor)
Format: Llibre
Idioma:espanyol
Publicat: Buenos Aires Signos 1970
Col·lecció:Colección: La Historia Inmediata
Matèries:
Etiquetes: Afegir etiqueta
Sense etiquetes, Sigues el primer a etiquetar aquest registre!

MARC

LEADER 00000nam a2200000 a 4500
001 UCZ6075
003 CL-VaPUC
008 951201e19700000AG |||||||||||||||||spa|d
082 0 4 |a 891.7  |b SOL  |2 21 
100 0 |a Solzhenitsyn, Alexander Isacvich  |e author  |9 342633 
245 1 4 |a Los derechos del escritor 
300 |a 94 p 
942 |c BK 
945 |d 19951201 00:00:00  |a lriquelm 
260 |a Buenos Aires  |b Signos  |c 1970 
650 0 |a Literatura rusa  |9 318370 
650 7 |a DERECHOS DE AUTOR  |2 CL-VaPUC  |9 255076 
650 7 |a PROPIEDAD LITERARIA  |2 CL-VaPUC  |9 350286 
650 0 |a Ideologías  |9 255200 
650 7 |a FILOSOFIA POLITICA  |2 CL-VaPUC  |9 350287 
650 0 |a Sociedad  |9 307903 
583 |a last modification  |c 19951201 00:00:00  |k Rodrigo Vera 
490 0 |a Colección: La Historia Inmediata 
999 |c 242334  |d 242332 
952 |0 0  |1 0  |4 0  |6 891_700000000000000_SOL_1970  |7 0  |8 P  |9 255197  |a BIBEDU  |b BIBEDU  |c BIBEDU_PB  |d 2019-11-19  |i 1600850  |o 891.7 SOL 1970  |p 1600850  |r 2024-01-25  |w 2019-11-19  |y BK  |k FIL